With The Beatles Tracklist (The Beatles) - Statistics

General Stats
  • This quiz has been taken 18 times
  • The average score is 11 of 14
Answer Stats
Hint Answer % Correct
3 All My Loving
100%
14 Money (That's What I Want)
100%
8 Roll Over Beethoven
100%
4 Don't Bother Me
93%
12 Devil In Her Heart
86%
11 I Wanna Be Your Man
86%
2 All I've Got To Do
79%
1 It Won't Be Long
79%
5 Little Child
79%
9 Hold Me Tight
71%
13 Not A Second Time
71%
6 Till There Was You
71%
10 You Really Got A Hold On Me
71%
7 Please Mister Postman
57%
No matching quizzes found
Score Distribution
Percent of People with Each Score
Percentile by Number Answered
Your Score History
You have not taken this quiz